000 00524nam a2200169 i 4500
001 89361
003 ES-MaACL
005 20230906180145.0
007 t|
008 050110s1972 sp ||||1| spa d
100 1 _aLarsen, Edwin M.
_970370
245 1 0 _aElementos de transición /
_cEdwin M. Larsen ; [versión, Juan Mª Salietti Vinué].
260 _aBarcelona :
_bReverté,
_c1972.
300 _aXI, 157 p. :
_bil. ;
_c22 cm.
700 1 _aSalietti Vinué, Juan María.
_9101923
852 _aES-MaACL
_jC-53916
_bR.86714
999 _c89361
_d89361